Different views on the risks of a single currency

Riziká z pohľadu teórie optimálnych menových oblastí. Hypotéza endogenity. Asymetrický šok a členstvo v menovej únii. Príčiny asymetrických šokov. Pravdepodobnosť častých asymetrických šokov. Jednotná mena a ekonomický rast.

Salvato in:
Dettagli Bibliografici
Autore principale: Muchová, Eva, 1961-
Natura: Capitolo di libro
Lingua:inglese
Soggetti:
Tags: Aggiungi Tag
Nessun Tag, puoi essere il primo ad aggiungerne!!

MARC

LEADER 00000naa$a2200000$$$4500
001 0143053
005 20240502083331.2
041 0 |a eng 
044 |a PL 
245 1 0 |a Different views on the risks of a single currency  |c Eva Muchová 
520 |a Riziká z pohľadu teórie optimálnych menových oblastí. Hypotéza endogenity. Asymetrický šok a členstvo v menovej únii. Príčiny asymetrických šokov. Pravdepodobnosť častých asymetrických šokov. Jednotná mena a ekonomický rast. 
610 2 0 |a oblasti menové 
610 2 0 |a únie menové 
610 2 0 |a eurozóna 
610 2 0 |a riziko 
610 2 0 |a rast hospodársky 
610 2 0 |a Poľsko 
100 1 |a Muchová, Eva, 1961-